A Text book of fluid mechanics and hydraulic machanics (Record no. 794)
[ view plain ]
| 000 -LEADER | |
|---|---|
| fixed length control field | 00607nac a22001691u 4500 |
| 020 ## - INTERNATIONAL STANDARD BOOK NUMBER | |
| International Standard Book Number | 8170083117 |
| 082 ## - DEWEY DECIMAL CLASSIFICATION NUMBER | |
| Classification number | 621.2 |
| Item number | B2196 |
| 090 ## - LOCALLY ASSIGNED LC-TYPE CALL NUMBER (OCLC); LOCAL CALL NUMBER (OCLC) | |
| -- | 794 |
| -- | 794 |
| 100 ## - MAIN ENTRY--PERSONAL NAME | |
| Personal name | Bansal, R. K. |
| 245 ## - TITLE STATEMENT | |
| Title | A Text book of fluid mechanics and hydraulic machanics |
| Statement of responsibility, etc | R. K. Bansal. |
| 260 ## - PUBLICATION, DISTRIBUTION, ETC. (IMPRINT) | |
| Place of publication, distribution, etc | New Delhi : |
| Name of publisher, distributor, etc | Lamxi publications, |
| Date of publication, distribution, etc | 2003. |
| 300 ## - PHYSICAL DESCRIPTION | |
| Extent | 1006 p. : |
| Other physical details | col. ill .; |
| Dimensions | 24 cm. |
| 500 ## - GENERAL NOTE | |
| General note | Includes index. |
| 610 ## - SUBJECT ADDED ENTRY--CORPORATE NAME | |
| Corporate name or jurisdiction name as entry element | Hydraulic machinery. |
| 942 ## - ADDED ENTRY ELEMENTS (KOHA) | |
| Item type | Book - Borrowing |
| Call number prefix | 621.2B2196 |
| Withdrawn status | Item status | Damaged status | Not for loan | Home library | Current library | Shelving location | Date acquired | Source of acquisition | Total Checkouts | Total Renewals | Full call number | Barcode | Date last seen | Date last borrowed | Koha item type |
|---|---|---|---|---|---|---|---|---|---|---|---|---|---|---|---|
| Central Library | Central Library | First floor | 27/07/2006 | Purchase | 1 | 6 | 621.2 BAN | 000003779 | 15/07/2025 | 28/04/2022 | Book - Borrowing |